Les Empereurs Romains - Statistiques

Statistiques générales
  • Ce quiz a été pris 5 328 fois
  • Le résultat moyen est 27 sur 60
Statistiques - réponses
Hint Dynastie Empereur % Correct
-27-+14 Julio-Claudiens Auguste
95%
54-68 Julio-Claudiens Néron
89%
37-41 Julio-Claudiens Caligula
83%
41-54 Julio-Claudiens Claude
80%
161- 180 Antonins Marc Aurèle
77%
337-350 Constantiniens Constant Ier
76%
193-211 Sévères Septime Sévère
76%
117-138 Antonins Hadrien
74%
14-37 Julio-Claudiens Tibère
73%
138-161 Antonins Antonin le Pieux
71%
180-192 Antonins Commode
71%
98-117 Antonins Trajan
70%
306-337 Constantiniens Constantin Ier
65%
337-340 Constantiniens Constantin II
65%
69-79 Flaviens Vespasien
64%
222-235 Sévères Sévère Alexandre
61%
379-395 Théodosiens Théodose Ier
58%
408-450 Théodosiens Théodose II
58%
79-81 Flaviens Titus
58%
198-217 Sévères Caracalla
57%
81-96 Flaviens Domitien
52%
96-98 Antonins Nerva
51%
306-307 Constantiniens Sévère II
49%
161-169 Antonins Lucius Aurelius Verus
47%
475-476 Derniers Empereurs Romulus Augustule
46%
461-465 Derniers Empereurs Sévère III
45%
364-375 Valentiniens Valentinien Ier
44%
375-392 Valentiniens Valentinien II
44%
424-455 Théodosiens Valentinien III
44%
68-69 Année des quatre empereurs Galba
43%
69 Année des quatre empereurs Othon
43%
284-305 Constantiniens Dioclétien
42%
393-423 Théodosiens Flavius Honorius
40%
305-306 Constantiniens Constance Chlore
38%
337-361 Constantiniens Constance II
37%
421 Théodosiens Constance III
37%
383-408 Théodosiens Flavius Arcadius
37%
209-211 Sévères Geta
37%
218-222 Sévères Héliogabale
37%
69 Année des quatre empereurs Vitellius
37%
360-363 Constantiniens Julien
36%
193 Deuxième année des quatre empereurs Pertinax
32%
217-218 Sévères Macrin
31%
364-378 Valentiniens Valens
27%
286-305 Constantiniens Maximien Hercule
26%
311-313 Constantiniens Maximin II
25%
305-311 Constantiniens Galère
24%
474-475 Derniers Empereurs Julius Nepos
24%
455 Derniers Empereurs Pétrone Maxime
24%
193 Deuxième année des quatre empereurs Didius Julianus
23%
384-388 Théodosiens Maxime
23%
367-383 Valentiniens Gratien
16%
363-364 Constantiniens Jovien
15%
308-324 Constantiniens Licinius
15%
472 Derniers Empereurs Olybrius
12%
457-461 Derniers Empereurs Majorien
9%
450-457 Théodosiens Marcien
9%
473-474 Derniers Empereurs Glycérius
8%
467-472 Derniers Empereurs Anthémius
7%
455-456 Derniers Empereurs Avitus
7%
Aucun quiz correspondant
Distribution des résultats
% des personnes avec chaque résultat
Percentile par nombre de réponses
Votre historique - résultats
Vous n’avez pas pris ce quiz